00815nam a2200241 a 450000100060000000300080000600500170001400800410003102000230007202000200009503500150011504000270013004100080015708200380016511000360020324500940023926000560033330000340038949000300042365100370045365100530049083000300054362292BD-RjUL20211209081051.0170123s1984 bg a eng | c:Tk.250.00(Inland) c: Complimentary a(BD-RjUL)  aANLbengdANLcBD-RjUL aeng 223a304.6095492021bKUS 1984 (DS) aBangladesh Bureau of Statistics10aBangladesh population census, 1981:bDistrict: Kushtia /cBangladesh Bureau of Statistics aDhaka, :bBangladesh Bureau of Statistics, c1984. aLXVI, 403 p. :bIll ;c28 cm. aDistrict series: Kushtia aBangladeshzKushtiavcensus,1981 aBangladeshzKushtiaxPopulationvStaisticsy1981 aDistrict series: Kushtia